000 01643cam a2200349 a 4500
001 12830231
003 OSt
005 20230916134710.0
008 020624s2002 enk b 001 0 eng
010 _a 2002073754
020 _a0521814995
040 _aDLC
_cDLC
_dDLC
043 _ae-uk---
_an-us---
050 0 0 _aPR478.H57
_bW55 2002
082 0 0 _a820.9112
_bWIL/M
100 1 _aWilliams, Louise Blakeney
_99507
245 1 0 _aModernism and the ideology of history :
_bliterature, politics, and the past /
_cLouise Blakeney Williams.
260 _aCambridge, U.K. ;
_aNew York :
_bCambridge University Press,
_c2002.
300 _aix, 265 p. ;
_c24 cm.
504 _aIncludes bibliographical references (p. 213-257) and index.
650 0 _aEnglish literature
_y20th century
_xHistory and criticism.
650 0 _aHistory in literature.
650 0 _aLiterature and history
_zEnglish-speaking countries
_xHistory
_y20th century.
650 0 _aAmerican poetry
_y20th century
_xHistory and criticism.
650 0 _aModernism (Literature)
_zEnglish-speaking countries.
856 4 1 _3Table of contents
_uhttp://www.loc.gov/catdir/toc/cam031/2002073754.html
856 4 2 _3Publisher description
_uhttp://www.loc.gov/catdir/description/cam0210/2002073754.html
856 4 2 _3Contributor biographical information
_uhttp://www.loc.gov/catdir/enhancements/fy0731/2002073754-b.html
906 _a7
_bcbc
_corignew
_d1
_eocip
_f20
_gy-gencatlg
942 _2ddc
_cBK
_h820.9112
_iWIL/M
_k820.9112
_mWIL/M
999 _c42204
_d42204